Bharat mein sthaniya prashasan (Record no. 7406)

MARC details
000 -LEADER
fixed length control field 00479nam a2200181Ia 4500
008 - FIXED-LENGTH DATA ELEMENTS--GENERAL INFORMATION
fixed length control field 230917s9999||||xx |||||||||||||| ||und||
020 ## - ISBN
Price RS 350.00
040 ## - CATALOGING SOURCE
-- 5001385
Original cataloging agency VIVEKANANDA LIBRARY
041 ## - Language
-- English
082 ## - DDC NUMBER
Classification number 320.80954 S23B(6)
100 ## - MAIN ENTRY--PERSONAL NAME
Personal name Sharma, Ashok
245 #0 - TITLE STATEMENT
Title Bharat mein sthaniya prashasan
250 ## - EDITION STATEMENT
Edition statement 6th ed.
260 ## - PUBLICATION, DISTRIBUTION, ETC. (IMPRINT)
Place of publication, distribution, etc Jaipur
Name of publisher, distributor, etc RBSA Publishers
Date of publication, distribution, etc 2022
300 ## - PHYSICAL DESCRIPTION
Pages xii, 404 p.
500 ## - GENERAL NOTE
General note 4827 19/12/2022 IF22/1077 03/02/2022 Main Budget
942 ## - ADDED ENTRY ELEMENTS (KOHA)
Koha item type Books
Holdings
Withdrawn status Lost status Damaged status Not for loan Location (home branch) Sublocation or collection (holding branch) Date acquired Koha issues (times borrowed) Koha full call number Accession No. Koha date last seen Koha item type
        VIVEKANANDA LIBRARY VIVEKANANDA LIBRARY 10/03/2022 1 320.80954 S23B(6) 399741 26/02/2024 Books
        VIVEKANANDA LIBRARY VIVEKANANDA LIBRARY 10/03/2022 1 320.80954 S23B(6) 399742 31/03/2025 Books
        VIVEKANANDA LIBRARY VIVEKANANDA LIBRARY 10/03/2022 1 320.80954 S23B(6) 399743 25/03/2025 Books
        VIVEKANANDA LIBRARY VIVEKANANDA LIBRARY 10/03/2022 2 320.80954 S23B(6) 399744 08/09/2025 Books
        VIVEKANANDA LIBRARY VIVEKANANDA LIBRARY 10/03/2022 1 320.80954 S23B(6) 399745 24/05/2024 Books
        VIVEKANANDA LIBRARY VIVEKANANDA LIBRARY 10/03/2022   320.80954 S23B(6) 406172 17/09/2023 Books
© Designed and Maintained by Vivekananda Library, MDU Rohtak